Evaluación de Ex Post de diseño estructural de 5 kilómetros de concreto hidráulico de carretera en el tramo Empalme Nejapa 8+940 – planetario 13+850, Nic.12.
Presenta la evaluación de Ex Post de diseño estructural de 5 kilómetros de concreto hidráulico de carretera en el tramo Empalme Nejapa 8+940 – planetario 13+850, Nic.12 mediante la elaboración de un estudio de tránsito en el cual se proyectó el TPDA proyectado a 20 años por medio de conteo v...
| Main Authors: | , , |
|---|---|
| Other Authors: | |
| Format: | Tesis Section = Libro |
| Language: | Undetermined Spanish |
| Published: |
Managua
UNI-IES
2015
|
| Subjects: |
| LEADER | 01487nam a2200289Ia 4500 | ||
|---|---|---|---|
| 008 | 240830s9999 xx 000 0 und d | ||
| 040 | |a BIBLIOTECA-RUPAP Mon 625.8 M791 | ||
| 041 | |a spa | ||
| 082 | |a Mon 625.8 M791 | ||
| 100 | 1 | |a Montiel López, Raquel de Jesús | |
| 100 | 1 | |b Vanegas Mairena, Ligia Samanta | |
| 100 | 1 | |c González Chavarría, Luis Armando | |
| 245 | 1 | 0 | |a Evaluación de Ex Post de diseño estructural de 5 kilómetros de concreto hidráulico de carretera en el tramo Empalme Nejapa 8+940 – planetario 13+850, Nic.12. |
| 260 | |a Managua |b UNI-IES |c 2015 | ||
| 300 | |a 90 p. :il. | ||
| 500 | |a Contiene: anexos y CD. | ||
| 502 | |a Tesis (Ingeniero Civil)- UNI, 2015. | ||
| 520 | 3 | |a Presenta la evaluación de Ex Post de diseño estructural de 5 kilómetros de concreto hidráulico de carretera en el tramo Empalme Nejapa 8+940 – planetario 13+850, Nic.12 mediante la elaboración de un estudio de tránsito en el cual se proyectó el TPDA proyectado a 20 años por medio de conteo volumétrico, proyecciones de transito obtenidas mediante la elaboración de encuestas origen – destino, se realizó un estudio de suelo para el análisis de las diferentes capas que la conforman. | |
| 650 | 7 | |a SEÑALES DE TRANSITO | |
| 650 | 7 | |b ACCIDENTE DE TRANSITO | |
| 650 | 7 | |c SEGURIDAD VIAL | |
| 650 | 7 | |d ACCIDENTES VIALES | |
| 650 | 7 | |e RIESGO DE TRANSPORTE | |
| 700 | 1 | |a Tutor: |b Villanueva, Odel | |
| 942 | |c BK |2 ddc | ||
| 991 | |a TESIS | ||
| 999 | |c 16038 | ||